| 000 | 00779nam a22002537a 4500 | ||
|---|---|---|---|
| 003 | OSt | ||
| 005 | 20140310181919.0 | ||
| 008 | 130718t xxu||||| |||| 00| 0 eng d | ||
| 020 | _a9780133727012 | ||
| 050 |
_aD 21 _b.K18 2012 |
||
| 082 |
_aTR 909 _bK18s 2012 |
||
| 100 |
_aKarpiel, Frank _91467 |
||
| 245 |
_aMy world history - student journal / _cFrank Karpiel |
||
| 260 |
_aBoston, Mass : _bPearson, _c2012. |
||
| 300 |
_a400 p. _bill. ; _c28 cm. |
||
| 521 | _aFaculty | ||
| 541 | _j1 | ||
| 562 | _e1 | ||
| 650 |
_aHistory _xStudy and teaching (Middle school) _91468 |
||
| 650 |
_aHistory _xWorkbooks _91469 |
||
| 650 |
_aWorld history _xWorkbooks _91470 |
||
| 650 |
_aSocial sciences _xStudy and teaching (Middle school) _91471 |
||
| 942 |
_2lcc _cBK-TR _kTR |
||
| 999 |
_c6926 _d6926 |
||